• 首页
  • 本馆介绍
  • 公告通知
  • 最新文献
  • 馆藏检索
  • 电子资源
  • 读者导购
  • 参考咨询
  • 我的图书馆
  • 登录
  • 详细信息显示
  • 放入我的书架
  • 预约/预借图书
  • 作者相关作品
  • 分类相关作品
  • 丛书相关作品
  • 出版社相关作品

书目信息

  • 表格格式
  • 工作单格式
  • 卡片格式
题名:
河北省义务教育三年制初级中学语文教学参考书
    
 
作者: 郑祥五 , 孟宪和 主编
分册: 第一册  
出版信息: 北京   教育科学出版社  1998
页数: 313页
开本: 19cm
丛书名:
单 册:
中图分类: G633.3
科图分类: 38.7341
主题词: 语文--初中--教学参考资料
电子资源:
ISBN: 7-5041-1397-2
000 00796nnam 2200241 45
001 0196014270
005 20070618145325.75
010    @a7-5041-1397-2@dCNY7.10
100    @a19950704d1998 y0chiy0121 ea
101 0  @achi
102    @aCN@b110000
105    @ay z 000yy
200 10 @a河北省义务教育三年制初级中学语文教学参考书@AHE BEI SHENG YI WU JIAO YU SAN NIAN ZHI CHU JI ZHONG XUE YU WEN JIAO XUE CAN KAO SHU@h第一册@f郑祥五,孟宪和主编@FZHENG XIANG WU , MENG XIAN HE ZHU BIAN
205    @a4版
210    @a北京@c教育科学出版社@d1998
215    @a313页@d19cm
606    @a语文@x初中@x教学参考资料
690    @aG633.3
692    @a38.7341
701  0 @a郑祥五@AZHENG XIANG WU@4主编
701  0 @a孟宪和@AMENG XIAN HE@4主编
801  0 @aCN@bTSSF@c20070618
905    @a10447@dG633.3@e503:1=4
    
    河北省义务教育三年制初级中学语文教学参考书.第一册/郑祥五,孟宪和主编.-4版.-北京:教育科学出版社,1998
    313页;19cm
    
    
    ISBN 7-5041-1397-2:CNY7.10
    
●
相关链接 在E读中查询图书 在五车中查询图书 在当当中查询图书 在豆瓣中查询图书


正题名:河北省义务教育三年制初级中学语文教学参考书     索取号:G633.3/503:1=4         预约/预借

序号 登录号 条形码 馆藏地/架位号 状态 备注
1 0654901   206549010   库房3/ [索取号:G633.3/503:1=4] 在馆    
唐山师范学院图书馆 欢迎您!
大连网信软件有限公司© 版权所有